000 00247nam a22001097a 4500
999 _c12863
_d12863
082 _a297.61
100 _a Maulana Shibli Nomani
245 _aKhalifa Mamoon Ur Rasheed
260 _aPakistan
_bKitab Mela
_c2018
300 _a248 pages
942 _cBK